| 000 | 00676 a2200181 4500 | ||
|---|---|---|---|
| 003 | Nust | ||
| 005 | 20170207153217.0 | ||
| 040 | _cNust | ||
| 082 | _a621.382 | ||
| 100 | _aSheikh, Faisal Masud (MSEE-10) | ||
| 245 |
_aDevelopment of edge detection algorithm for noisy images by using wavelet scale correlation _cFaisal Masud Sheikh |
||
| 260 |
_bMCS,NUST _c2006 _aRawalpindi |
||
| 300 | _avii, 58, p.; | ||
| 505 | _aIntroduction to thesis (page-1) Edge detection techniques and noise model (page-6) Wavelets and proposed methodology (page-23) Experimental results (page-36) Conclusion (page-50) | ||
| 538 | _aAlmirah No 69 Shelf No 1 | ||
| 650 | _aPG Thesis | ||
| 651 | _aMSEE-10 | ||
| 942 | _cTHS | ||
| 999 |
_c181639 _d181639 |
||